000 00817nam a2200241 a 4500
001 54773
003 BD-RjUL
005 20211209080152.0
008 170504s1969 nyua b 001 0 eng d
035 _a(BD-RjUL)54895
040 _aDLC
_cDLC
_dBD-RjUL
_beng
041 1 _aengrus
082 0 0 _223
_a519.287
_bGNM 1969
100 1 _aGnedenko, B. V.
_q(Boris Vladimirovich),
_d1912-1995.
_9137830
245 1 0 _aMathematical methods of reliability theory /
_cby B. V. Gnedenko, Yu. K. Belyayev, and A. D. Solovyev
260 _aNew York :
_bAcademic Press,
_cc1969.
300 _axi, 506 p. :
_bill. ;
_c24 cm.
504 _aBibliography and index
650 0 _aReliability (Engineering)
_9159803
700 1 _aBelyayev, Yu. K.
_9163295
700 1 _aSolovʹev, A. D.
_q(Aleksandr Dmitrievich)
_9163296
942 _2ddc
_cBK
999 _c54773
_d54773